| 000 | 00884nas a2200289 4500 | ||
|---|---|---|---|
| 001 | BR0205087 | ||
| 003 | BR-BrBNA | ||
| 005 | 20231205103308.0 | ||
| 007 | ta | ||
| 008 | 230509b bl.|||p| |||| 00| 00por d | ||
| 040 |
_aBR-BrBNA _bpor _cBiblioteca Nacional de Agricultura |
||
| 041 | _a(Pt) | ||
| 072 | _aH20; P34 | ||
| 100 | 1 | _aCarvalho, R.F. de | |
| 100 | 1 | _aRigitano, R.L. de O. | |
| 100 | 1 | _aLima, J.M. de | |
| 245 | 1 | _aSorção e degradação do fungicida triadimenol em solos representativos do município de Lavras, Minas Gerais | |
| 650 | _aFUNGICIDA | ||
| 650 | _aCAFÉ | ||
| 650 | _aFERRUGEM | ||
| 650 | _aCONTROLE QUÍMICO | ||
| 650 | _aLATOSSOLO | ||
| 650 | _aSORÇÃO | ||
| 773 | 0 |
_tCiência e Agrotecnologia (Brazil) _xISSN 1413-7054 _g(Mar-Apr 2002), v. 26(2) p. 332-341 _wBR0205087 |
|
| 909 |
_a202311 _bLúcia _c55 _dLúcia Elande |
||
| 942 |
_2AGRIS _n0 _cANA |
||
| 999 |
_c172127 _d172127 |
||